Score 0/16 Timer 03:00
0 Plays Today
Question Answer Wrong Answers
Capital: Lincoln Nebraska
90.5%
Nevada
5.2%
Nickname: Cornhusker State Nebraska
89.6%
Nevada
6.9%
Capital: Carson City Nevada
89.6%
Nebraska
6.5%
Abbreviation: NV Nevada
89.2%
Nebraska
5.2%
Abbreviation: NE Nebraska
88.7%
Nevada
6.9%
Nickname: Silver State Nevada
79.2%
Nebraska
16%
National Park: Scotts Bluff Nebraska
74.9%
Nevada
20.3%
National Park: Great Basin Nevada
70.1%
Nebraska
23.8%
37th State Nebraska
69.7%
Nevada
25.5%
Statehood: March 1, 1867 Nebraska
66.7%
Nevada
28.6%
Motto: Equality before the Law Nebraska
65.4%
Nevada
30.3%
Statehood:October 31, 1864 Nevada
64.1%
Nebraska
31.2%
State Bird: Mountain Bluebird Nevada
63.6%
Nebraska
30.7%
State Bird: Western Meadowlark Nebraska
63.6%
Nevada
30.7%
36th State Nevada
58.4%
Nebraska
36.4%
Motto: All for our Country Nevada
55.8%
Nebraska
37.7%
Remove Ads.
Support Sporcle.
Get the best of Sporcle when you Go Orange. This ad-free experience offers more features, more stats, and more fun while also helping to support Sporcle. Thank you for becoming a member.

You're not logged in!

Compare scores with friends on all Sporcle quizzes.
OR
Log In

Sporcle TV

Today on Sporcle TV


Watch our educational content, quiz creation guides, and fun videos on Sporcle TV.

Show Comments

Extras

Top Quizzes Today


Score Distribution

Paid Content

Your Account Isn't Verified!

In order to create a playlist on Sporcle, you need to verify the email address you used during registration. Go to your Sporcle Settings to finish the process.

Report this User

Report this user for behavior that violates our Community Guidelines.

Details: